00423nam a22001457a 450000500170000000800410001702000190005804100120007708200120008910000120010124500660011326000470017930000250022665000260025120240812083618.0240812b |||||||| |||| 00| 0 eng d a9781485139775  aEnglish a349 SOU lEnglish aJuta's Index and Annotations to the South African Law Reports aCape Town: bJuta and Company Ltd, c2022  b154 pages; c25 cm.  aLegal practice bLaw